000 nam a22 7a 4500
999 _c8516
_d8516
005 20251126130801.0
008 240808b2025 mx ||||| |||| 00| 0 spa d
040 _aCIDAP
082 _a738
084 _aBV00153
100 _4Yanes, Emma
245 _aLos azulejos de Puebla, teoría y práctica de una tradición
260 _bCIDAP,
_c2025
_aCuenca,
300 _a27 páginas
500 _aPresentación dentro del XXVI Curso Interamericano Artesanía+Arte+Diseño. Sostenibilidad en la creación contemporánea.
520 _aHistoria de los azulejos hechos a mano en México, principalmente en Puebla: técnicas, diseños, costumbre de usos. Ponencia presentada en el marco del XXVI Curso Interamericano Artesanía+Arte+Diseño. Sostenibilidad en la creación contemporánea, realizado por el CIDAP.
650 _aMÉXICO-CERÁMICA TRADICIONAL
_913125
650 _aAZULEJOS TRADICIONALES-MÉXICO
_913126
650 _aPUEBLA-AZULEJOS
_913127
856 _uhttp://documentacion.cidap.gob.ec:8080/handle/cidap/2272
942 _2ddc
_cBV
_zNC